00682nam a2200205Ia 4500003000900000008004100009020001800050040001600068080002200084110003800106245008000144260003500224300001600259650004100275650002000316650002000336942000700356999001500363952009800378IN-BaIIA211028s9999 xx 000 0 eng d a0-08-020566-6 cIIA Library a063:523.34bLSI-3 aThe Lunar Science Institute99453 0aPhysical Studiesbvol. 3cThe Lunar Science Institute  aNew YorkbPergamon Pressc1975 a2427-3637p. aAstronomy and Astrophysics Thesaurus aMineralogy9183 aPetrology99454 cBK c5437d5437 00104070aBANbBANcGENd1977-04-25l0o063:523.34/ LSI-3p6076r2021-11-05w1977-04-25yBK